Politics of post-civil society: Contemporary history of political movements in India (Record no. 395044)
[ view plain ]
| 000 -LEADER | |
|---|---|
| fixed length control field | 00644 a2200205 4500 |
| 005 - DATE & TIME | |
| control field | 20260212114029.0 |
| 008 - FIXED-LENGTH DATA ELEMENTS--GENERAL INFORMATION | |
| fixed length control field | 260211b |||||||| |||| 00| 0 eng d |
| 020 ## - ISBN | |
| International Standard Book Number | 9788126937226 |
| Price | Rs. 1095.00 |
| 040 ## - CATALOGING SOURCE | |
| Original cataloging agency | VIVEKANANDA LIBRARY |
| 082 ## - DDC NUMBER | |
| Classification number | 320.95409 |
| Book Number | G933P |
| 100 ## - MAIN ENTRY--PERSONAL NAME | |
| Personal name | Gudavarthy, Ajay |
| 245 ## - TITLE STATEMENT | |
| Title | Politics of post-civil society: Contemporary history of political movements in India |
| 260 ## - PUBLICATION, DISTRIBUTION, ETC. (IMPRINT) | |
| Name of publisher, distributor, etc | Atlantic Publishers and Distributors |
| Date of publication, distribution, etc | 2024 |
| Place of publication, distribution, etc | New Delhi |
| 300 ## - PHYSICAL DESCRIPTION | |
| Pages | viii, 262 |
| 650 ## - Subject | |
| Subject | Political Science |
| 650 ## - Subject | |
| Subject | India - Politics |
| 650 ## - Subject | |
| Subject | Historical Treatment - India Politics |
| 650 ## - Subject | |
| Subject | Polictical Movememts |
| 942 ## - ADDED ENTRY ELEMENTS (KOHA) | |
| Koha item type | Books |
| Withdrawn status | Lost status | Source of classification or shelving scheme | Damaged status | Not for loan | Location (home branch) | Sublocation or collection (holding branch) | Shelving location | Date acquired | Koha issues (times borrowed) | Koha full call number | Accession No. | Koha date last seen | Koha item type |
|---|---|---|---|---|---|---|---|---|---|---|---|---|---|
| Dewey Decimal Classification | VIVEKANANDA LIBRARY | VIVEKANANDA LIBRARY | Vivekananda Library | 22/01/2026 | 320.95409 G933P | 444412 | 22/01/2026 | Books |
